00661nam a2200133Ia 4500008004100000020001800041100007000059245010900129260002200238440006000260650002200320650014000342856004500482171212s9999 xx 000 0 und d a9781921862892 aEdwards, Meredith;Halligan, John;Horrigan, Bryan;Nicoll, Geoffrey cEdwards, Meredith;Halligan, John;Horrigan, Bryan;Nicoll, GeoffreyaPublic Sector Governance in Australia bANU E Pressc2012 aAustralia and New Zealand School of Government (ANZSOG) aPolitical Science aPublic administration -- Australia -- Decision making; Intergovernmental cooperation -- Australia; Australia -- Politics and government uwww.jstor.org/stable/10.2307/j.ctt24h92b